• 首页
  • 本馆介绍
  • 公告通知
  • 最新文献
  • 馆藏检索
  • 电子资源
  • 读者导购
  • 参考咨询
  • 我的图书馆
  • 登录
  • 详细信息显示
  • 放入我的书架
  • 预约/预借图书
  • 作者相关作品
  • 分类相关作品
  • 丛书相关作品
  • 出版社相关作品

书目信息

  • 表格格式
  • 工作单格式
  • 卡片格式
题名:
词汇10000
    
 
作者: 刘毅 编著
分册:  
出版信息: 海口   三环出版社  1998
页数: 353页
开本: 20cm
丛书名:
单 册:
中图分类: H313.2
科图分类:
主题词: 英语--同义词--多义词--反义词
电子资源:
ISBN: 7-80564-911-1
000 00521nam0 2200193 45
001 0012041087
005 20060314165609.42
010    @a7-80564-911-1@dCNY16.80
100    @a20001204d1998 km y0chiy0120 ea
101 0  @aeng
200 1  @a词汇10000@ACi Hui 10000@f刘毅编著@FLiu Yi Bian Zhu
205    @a2版
210    @a海口@c三环出版社@c海南出版社@d1998
215    @a353页@d20cm
606 0  @a英语@x同义词@x多义词@x反义词
690    @aH313.2@v4
701  0 @a刘毅@4编著
801    @aCN@bTSTC@c20060314
905    @dH313.2@e230=2
    
    词汇10000/刘毅编著.-2版.-海口:三环出版社:海南出版社,1998
    353页;20cm
    
    
    ISBN 7-80564-911-1:CNY16.80
    
●
相关链接 在E读中查询图书 在五车中查询图书 在当当中查询图书 在豆瓣中查询图书


正题名:词汇10000     索取号:H313.2/230=2         预约/预借

序号 登录号 条形码 馆藏地/架位号 状态 备注
1 0339647   203396477   第二样本阅览室/ [索取号:H313.2/230=2] 在馆    
唐山师范学院图书馆 欢迎您!
大连网信软件有限公司© 版权所有